000 00990nam a22002537a 4500
003 OSt
005 20201223115251.0
008 201223s2009 ck abo|gr|||| 00| 0 spa d
040 0 _aCO-JMCR
_cCO-JMCR
041 0 _aspa
082 0 4 _a330.12 /
_bL789n
_223
100 1 _aLizarazo Moreno, Tania Milena,
_eautor
_912564
245 1 4 _aDel nomadismo al capitalismo /
_cTania Milena Lizarazo Moreno
250 _aPrimera edición
260 _aBogotá :
_bvoluntad,
_c2009
300 _a96 páginas :
_bilustraciones, mapas, fotografías a color y blanco y negro ;
_c24 cm.
500 _aDatos biográficos del autor en tapa posterior.
504 _aBibliografía : páginas 96.
505 _aEconomías primitivas -- Economías imperiales -- Economías feudales -- Economía industrial -- Economías capitalistas -- Economía global
650 2 4 _aSistemas económicos
_912565
650 2 4 _aEconómica primitiva
_912566
650 2 4 _aEconómica agrícola
_912567
942 _2ddc
_cBK
999 _c7035
_d7035